000 00530 a2200217 4500
005 20260428143405.0
008 260428b |||||||| |||| 00| 0 eng d
020 _a9789386392664
_cRs. 725.00
040 _aMAIN
082 _a677
_bR186T
100 _aRastogi, Deepali, ed.
110 _a
245 _aTextile science
260 _bOrient BlackSwan
_c2023
_aHyderabad
300 _axiv, 338
650 _aTechnology
650 _aTextiles
650 _aManufacturing
700 _aChopra, Sheetal, ed.
942 _cBK
999 _c395627
_d395627